Učitavanje...

Anavariyum ponkurishum /

Bibliografski detalji
Glavni autor: Muhammad Basheer, Vaikom .
Format: Printed Book
Jezik:Malayalam
Izdano: Kottayam : Sahitya Pravarthaka Co-operative Society , 1953.
LEADER 00596cam a2200181ua 4500
020 |c 0.60 
041 |a mal 
082 |a 894.812308  |b BAS/AA 
100 |a Muhammad Basheer, Vaikom . 
245 |a Anavariyum ponkurishum /   |c Vaikom Muhammad Basheer.  |h Textual Documents 
260 |a Kottayam :   |b Sahitya Pravarthaka Co-operative Society ,   |c 1953. 
300 |a 46 ; . 
365 |a 0.60 
504
541 |e 372   |h 0.60 
942 |c BK 
999 |c 33161  |d 33161 
952 |0 0  |1 0  |4 0  |6 894_812308000000000  |7 0  |9 43618  |a KAUAET  |b KAUAET  |d 2012-04-07  |m 0  |o 894.812308  |p KAU_KCAET-372   |r 2012-04-07  |w 2012-04-07  |y BK